[Event "Gilan Friendship Cup"]
[Site "Gilan"]
[Date "2014.12.01"]
[Round "3"]
[White "Zabihpoor, Mohammad"]
[Black "Avakh, E."]
[Result "1-0"]
[WhiteElo "1844"]
[BlackElo "2111"]
[PlyCount "89"]
[EventDate "2014.11.30"]
[EventType "swiss"]
[EventRounds "9"]
[EventCountry "IRI"]
[SourceTitle "CBM 163 Extra"]
[Source "ChessBase"]
[SourceDate "2014.12.23"]
[SourceVersion "1"]
[SourceVersionDate "2014.12.23"]
[SourceQuality "1"]

1. d4 d5 2. Bf4 Nf6 3. Nf3 c5 4. e3 Nc6 5. c3 Qb6 6. Qc2 g6 7. Nbd2 Bf5 8. Qb3 c4 9. Qxb6 axb6 10. Ne5 b5 11. Nxc6 bxc6 12. a3 Nh5 13. Bg3 Nxg3 14. hxg3 f6 15. f4 Bg7 16. Be2 e5 17. Bf3 0-0 18. Kf2 exd4 19. exd4 Rfe8 20. Rhe1 Kf7 21. Rxe8 Kxe8 22. Re1+ Kd7 23. Nf1 Be6 24. Ne3 Kd6 25. Nc2 Ra7 26. Nb4 Re7 27. Na6 Bf8 28. Nc5 Bc8 29. Rxe7 Bxe7 30. Ke3 Kc7 31. a4 Kb6 32. axb5 Kxb5 33. b4 cxb3 34. Be2+ Kb6 35. Nxb3 Ba3 36. Kd2 Bf5 37. g4 Be4 38. g3 h6 39. Nc1 Bxc1+ 40. Kxc1 Ka5 41. Kb2 Kb6 42. Ka3 c5 43. Kb3 Kc6 44. Ka4 f5 45. g5 1-0